Propuesta de un diseño de un programa operativo basado en las normativas ministeriales de higiene y seguridad del trabajo en la empresa Tenería y Calzados S.A TECALSA

En el presente trabajo muestra una propuesta para la creación de un diseño de un programa operativo basado en las Normativas Ministeriales de Higiene y Seguridad del Trabajo que esté acorde a las necesidades y disponibilidades de la empresa por medio de la realización de un diagnóstico integral...

Full description

Bibliographic Details
Main Authors: Lira Pérez, Noé Samir, Morales Huembés, Carlos Manuel, Manzanares Mayorga, José René
Other Authors: Tutor: Morgan Espinoza, Ramon Alberto
Format: Tesis Section = Libro
Language:Undetermined
Spanish
Published: Managua UNI 2009
Subjects:
LEADER 01763nam a2200277Ia 4500
008 240830s9999 xx 000 0 und d
040 |a BIBLIOTECA-RUPAP Mon 658.38 L768 
041 |a spa 
082 |a Mon 658.38 L768 
100 1 |a Lira Pérez, Noé Samir 
100 1 |b  Morales Huembés, Carlos Manuel 
100 1 |c  Manzanares Mayorga, José René 
245 1 0 |a Propuesta de un diseño de un programa operativo basado en las normativas ministeriales de higiene y seguridad del trabajo en la empresa Tenería y Calzados S.A TECALSA 
260 |a Managua  |b UNI  |c 2009 
300 |a 385 p. :il. 
500 |a Contiene: anexos e Incluye: CD. 
502 |a Tesis (Ingeniero Industrial)- UNI, 2009. 
520 3 |a En el presente trabajo muestra una propuesta para la creación de un diseño de un programa operativo basado en las Normativas Ministeriales de Higiene y Seguridad del Trabajo que esté acorde a las necesidades y disponibilidades de la empresa por medio de la realización de un diagnóstico integral sobre las condiciones actuales de trabajo así como la elaboración de un mapa de riesgo de todas las áreas en estudio, se determinan los equipos de protección personal necesarios para garantizar la seguridad en cada una de las áreas de trabajo, seguido se elabora un presupuesto general que contiene información suficiente sobre el monto total de la inversión en equipos y dispositivos de protección para los trabajadores y las instalaciones de la empresa. 
650 7 |a SEGURIDAD INDUSTRIAL 
650 7 |b SEGURIDAD E HIGIENE OCUPACIONAL 
650 7 |c EQUIPOS DE PROTECION PERSONAL 
650 7 |d MEDIDAS DE SEGURIDAD 
700 1 |a Tutor:  |b Morgan Espinoza, Ramon Alberto 
942 |c BK  |2 ddc 
991 |a TESIS 
999 |c 17132